header

The almanac of American education, 2004 (Record no. 169014)

MARC details
000 -LEADER
fixed length control field 01678nam a2200361Ia 4500
245 04 - TITLE STATEMENT
Title The almanac of American education, 2004
260 ## - PUBLICATION, DISTRIBUTION, ETC. (IMPRINT)
Place of publication Lanham, MD :
Name of publisher Bernan Press,
Year of publication c2003.
300 ## - PHYSICAL DESCRIPTION
Number of Pages xii, 353 p. :
Other physical details ill.
500 ## - GENERAL NOTE
General note "Premier edition"--P. xi.
General note Includes index.
505 0# - FORMATTED CONTENTS NOTE
Formatted contents note pt. A. National school enrollment and educational attainment statistics -- pt. B. State education statistics -- pt. C. County education statistics -- Guide to educational resources on the Internet.
650 #0 - SUBJECT ADDED ENTRY--TOPICAL TERM
Topical Term Education
Topical Term Education
Topical Term Education
Topical Term Education
Topical Term County school systems
700 1# - ADDED ENTRY--PERSONAL NAME
Personal name Gaquin, Deirdre.
Personal name DeBrandt, Katherine A.
856 40 - ELECTRONIC LOCATION AND ACCESS
Uniform Resource Identifier http://site.ebrary.com/lib/rucke/Doc?id=10052976

No items available.

© 2026 Rongo University
Contact us: librarian | system librarian | Rongo university